00357nam a2200121Ia 4500008004100000041000800041082000800049100004800057245005600105250001300161260004900174300001200223231228s2009 xx 000 0 und d aeng bBEA aBEATTY (Carol A.)/ SCOTT (Brenda A. Barker) aBuilding Smart Teams: A Roadmap to High Performance a6th Pri. aNew DelhibSage Publications New Delhic2009 aix, 198